000 00614nam a22002057a 4500
005 20241004113438.0
010 _aENG-141915
020 _a9789355436078
_c299.00
035 _aEN-125447
037 _bDBAD
082 _a158.1
_21
100 _aNguyen, Joseph
_972368
245 _aBoundaries=Freedom/
_cBy Joseph Nguyen
250 _a1
260 _aUttar Pradesh
_bAmaryllis
_c2024
270 _aC-16, Sector-3, Noida
_bUttar Pradesh
_e201301
300 _a89p.
_c18cm(hb)
500 _aHow to Create Boundaries That Set You Free Without Feeling Guilty
942 _2ddc
_cEN
_h158.2
_mNGU
_e1
999 _c206101
_d206101